| 000 | 01281nam a22002537a 4500 | ||
|---|---|---|---|
| 999 |
_c87909 _d87909 |
||
| 005 | 20200116172309.0 | ||
| 010 | _aUR-308 B-548396 B-666024 | ||
| 020 |
_c150.00 _a9789382775010 |
||
| 035 | _aU-308 B-548396 B-666024 | ||
| 037 | _bBPPD/Publishers/Venders | ||
| 037 | _bKBD(Ven.)/Delhi Kitab Ghar(Pub.) | ||
| 082 | _a844 | ||
| 100 | _aفا ر و قی سہيل ا حمد | ||
| 245 |
_aتجز يا ت و تا ثر ا ت :مضا مين _cسہيل ا حمد فا ر و قی |
||
| 246 |
_aTajziyaat -o-Taassuraat (Urdu) / _bby Suhail Ahmad Farooqi |
||
| 260 |
_bDelhi Kitab Ghar (Publisher) _bK.B.D.( Vender) _c2012 ء |
||
| 260 | _aB-1770,Near State Bank of India,Jahangir Puri,Delhi-110033 | ||
| 270 |
_bد ھلی _a3961-گلی خا نقا نہ جا معہ مسجد _e110006 _k01123252696 |
||
| 300 |
_a304p. _c22cm(Hb) |
||
| 500 | _aVol.-2 | ||
| 942 |
_2ddc _cUR _mف ا ر _h844 |
||